00270nam a2200109Ia 4500008004100000041000800041082002000049100001000069245003200079250000900111260004000120230627s9999 xx 000 0 und d aeng a342.540 26bRAI aRai K aConstitutional Law Of India a5ed. aAllahabadbCentral Law Agencyc2003